[Event "Arco op 24th"]
[Site "Arco"]
[Date "2002.10.18"]
[Round "1"]
[White "Okkes, Menno"]
[Black "Ruzzier, Dario"]
[Result "1-0"]
[WhiteElo "2229"]
[BlackElo "1996"]
[PlyCount "25"]
[EventDate "2002.10.18"]
[EventType "swiss"]
[EventRounds "9"]
[EventCountry "ITA"]
[SourceTitle "EXT 2004"]
[Source "ChessBase"]
[SourceDate "2003.11.25"]
[SourceVersion "1"]
[SourceVersionDate "2003.11.25"]
[SourceQuality "1"]

1. e4 e5 2. Nc3 Nf6 3. Bc4 Nxe4 4. Qh5 Ng5 5. d4 Ne6 6. dxe5 d6 7. exd6 Bxd6 8. Nf3 0-0 9. 0-0 Nf4 10. Bxf4 Bxf4 11. Rad1 Qe8 12. Rfe1 Qc6 13. Qxf7+ 1-0

[Event "San Martino di Castrozza op 3rd"]
[Site "San Martino di Castrozza"]
[Date "2002.07.07"]
[Round "7"]
[White "Agnelli, Francesco"]
[Black "Ruzzier, Dario"]
[Result "1-0"]
[WhiteElo "2146"]
[BlackElo "2012"]
[PlyCount "41"]
[EventDate "2002.07.01"]
[EventType "swiss"]
[EventRounds "7"]
[EventCountry "ITA"]
[SourceTitle "EXT 2007"]
[Source "ChessBase"]
[SourceDate "2006.11.23"]
[SourceVersion "1"]
[SourceVersionDate "2006.11.23"]
[SourceQuality "1"]

1. e4 e5 2. Nf3 Nc6 3. Bb5 a6 4. Ba4 Nf6 5. d3 d6 6. c3 Be7 7. Nbd2 0-0 8. Nf1 d5 9. Qe2 b5 10. Bc2 d4 11. Ng3 Re8 12. 0-0 Bf8 13. Bg5 dxc3 14. bxc3 a5 15. Rfd1 Re6 16. d4 exd4 17. cxd4 h6 18. d5 Rd6 19. Bxf6 Qxf6 20. dxc6 Rxc6 21. e5 1-0

[Event "San Martino di Castrozza op 3rd"]
[Site "San Martino di Castrozza"]
[Date "2002.07.06"]
[Round "6"]
[White "Ruzzier, Dario"]
[Black "Bonani, Georg"]
[Result "1-0"]
[WhiteElo "2012"]
[BlackElo "1788"]
[PlyCount "105"]
[EventDate "2002.07.01"]
[EventType "swiss"]
[EventRounds "7"]
[EventCountry "ITA"]
[SourceTitle "EXT 2007"]
[Source "ChessBase"]
[SourceDate "2006.11.23"]
[SourceVersion "1"]
[SourceVersionDate "2006.11.23"]
[SourceQuality "1"]

1. d4 Nf6 2. c4 g6 3. Nc3 Bg7 4. e4 d6 5. Nf3 0-0 6. Be2 e5 7. dxe5 dxe5 8. Qxd8 Rxd8 9. Bg5 Nbd7 10. 0-0-0 Rf8 11. Nd5 Nxe4 12. Be3 Nb6 13. Nxc7 Rb8 14. a4 Be6 15. Nxe6 fxe6 16. a5 Na4 17. Bd3 Nec5 18. Bc2 b5 19. b3 Nxb3+ 20. Bxb3 Nc3 21. Bxa7 Nxd1 22. Rxd1 Rbc8 23. c5 Rc7 24. Bxe6+ Kh8 25. Bb6 Re7 26. Bd5 e4 27. Ng5 Rxf2 28. Bxe4 Bh6 29. c6 Bxg5+ 30. Kb1 Rxe4 31. Bxf2 Rc4 32. Rd6 Bf4 33. Re6 Rb4+ 34. Kc2 Ra4 35. Bb6 Bxh2 36. c7 Rc4+ 37. Kb3 Bxc7 38. Re8+ Kg7 39. Re7+ Kf6 40. Rxc7 Rg4 41. Rc2 Ra4 42. Rc6+ Kf5 43. Rc5+ Kf4 44. Rxb5 Ra1 45. Rb4+ Kg3 46. Ra4 Rb1+ 47. Kc4 Kxg2 48. Be3 Rb8 49. Bh6 g5 50. Bxg5 h5 51. a6 Kf3 52. a7 Ra8 53. Kb5 1-0

[Event "San Martino di Castrozza op 3rd"]
[Site "San Martino di Castrozza"]
[Date "2002.07.01"]
[Round "1"]
[White "Ruzzier, Dario"]
[Black "Fragni, Enrico"]
[Result "1-0"]
[WhiteElo "2012"]
[BlackElo "1711"]
[PlyCount "101"]
[EventDate "2002.07.01"]
[EventType "swiss"]
[EventRounds "7"]
[EventCountry "ITA"]
[SourceTitle "EXT 2007"]
[Source "ChessBase"]
[SourceDate "2006.11.23"]
[SourceVersion "1"]
[SourceVersionDate "2006.11.23"]
[SourceQuality "1"]

1. d4 Nf6 2. c4 e6 3. Nc3 Bb4 4. e3 c5 5. Bd3 Nc6 6. Nf3 d5 7. 0-0 0-0 8. a3 Bxc3 9. bxc3 Re8 10. Nd2 e5 11. cxd5 Qxd5 12. c4 Qd6 13. d5 Ne7 14. Bb2 Ng6 15. f3 Bd7 16. a4 a5 17. Ba3 b6 18. Qb3 Rab8 19. Qc2 Rb7 20. Nb1 Qb8 21. Nc3 Bc8 22. Rab1 Bd7 23. Rb3 Qc7 24. Rfb1 Reb8 25. Nb5 Bxb5 26. Rxb5 Ne8 27. R5b3 Nd6 28. Bb2 Re8 29. Bc3 Re7 30. Qb2 f5 31. Rxb6 Rxb6 32. Qxb6 e4 33. Qxc7 Rxc7 34. fxe4 fxe4 35. Be2 Ra7 36. Rb6 Nb7 37. Bg4 Kf7 38. Be6+ Ke7 39. Rc6 Nf8 40. Bxg7 Nxe6 41. Rxe6+ Kf7 42. Bc3 Ra8 43. Rxe4 Nd6 44. Rf4+ Ke7 45. Kf2 Ra6 46. Ke2 Nf7 47. Rg4 Nd6 48. Rg7+ Kf8 49. Kd3 h5 50. Rg6 Ke7 51. Be5 1-0

[Event "San Martino di Castrozza op 2nd"]
[Site "San Martino di Castrozza"]
[Date "2001.07.05"]
[Round "5"]
[White "Agnelli, Francesco"]
[Black "Ruzzier, Dario"]
[Result "1/2-1/2"]
[WhiteElo "2132"]
[BlackElo "2075"]
[PlyCount "34"]
[EventDate "2001.07.01"]
[EventType "swiss"]
[EventRounds "6"]
[EventCountry "ITA"]
[SourceTitle "EXT 2024"]
[Source "ChessBase"]
[SourceDate "2023.10.10"]
[SourceVersion "1"]
[SourceVersionDate "2023.10.10"]
[SourceQuality "1"]

1. e4 e5 2. Nf3 Nf6 3. Nxe5 d6 4. Nf3 Nxe4 5. d4 d5 6. Bd3 Bd6 7. 0-0 0-0 8. c4 c6 9. Re1 f5 10. Nc3 Be6 11. cxd5 cxd5 12. Nb5 Bb4 13. Bd2 Bxd2 14. Nxd2 Nc6 15. f3 a6 16. Nc3 Nxd2 17. Qxd2 Qf6 1/2-1/2

[Event "San Martino di Castrozza op 2nd"]
[Site "San Martino di Castrozza"]
[Date "2001.07.04"]
[Round "4"]
[White "Ruzzier, Dario"]
[Black "Popa, Claudio"]
[Result "1-0"]
[WhiteElo "2075"]
[BlackElo "2057"]
[PlyCount "63"]
[EventDate "2001.07.01"]
[EventType "swiss"]
[EventRounds "6"]
[EventCountry "ITA"]
[SourceTitle "EXT 2024"]
[Source "ChessBase"]
[SourceDate "2023.10.10"]
[SourceVersion "1"]
[SourceVersionDate "2023.10.10"]
[SourceQuality "1"]

1. d4 d5 2. c4 dxc4 3. Nf3 Nf6 4. e3 e6 5. Bxc4 c5 6. 0-0 cxd4 7. exd4 Be7 8. Nc3 0-0 9. Bd3 Nc6 10. Re1 Nb4 11. Bb1 b6 12. a3 Nbd5 13. Qd3 Bb7 14. Ne5 g6 15. Bh6 Re8 16. Qg3 Bf8 17. Bg5 Qc7 18. Nb5 Qb8 19. Qh4 Bg7 20. Ba2 a6 21. Nc3 Qd6 22. Bxd5 Nxd5 23. Ne4 Qb8 24. Nd7 Qc7 25. Ndf6+ Nxf6 26. Nxf6+ Bxf6 27. Bxf6 Qd6 28. Re3 h5 29. Rg3 Qd5 30. Be5 Qe4 31. Qf6 Kf8 32. Rf3 1-0

[Event "San Martino di Castrozza op 2nd"]
[Site "San Martino di Castrozza"]
[Date "2001.07.02"]
[Round "2"]
[White "Bondielli, Giorgio"]
[Black "Ruzzier, Dario"]
[Result "0-1"]
[WhiteElo "2012"]
[BlackElo "2075"]
[PlyCount "62"]
[EventDate "2001.07.01"]
[EventType "swiss"]
[EventRounds "6"]
[EventCountry "ITA"]
[SourceTitle "EXT 2024"]
[Source "ChessBase"]
[SourceDate "2023.10.10"]
[SourceVersion "1"]
[SourceVersionDate "2023.10.10"]
[SourceQuality "1"]

1. e4 e5 2. Nf3 Nc6 3. d4 exd4 4. Bc4 Bc5 5. c3 d6 6. Nxd4 Ne5 7. Bb3 Qh4 8. 0-0 Nf6 9. Nd2 Bg4 10. f3 h5 11. Qe1 Qxe1 12. Rxe1 Bd7 13. Bc2 0-0-0 14. b4 Bxd4+ 15. cxd4 Nc6 16. d5 Nxb4 17. Bb1 Rde8 18. Kf2 Bb5 19. Re3 Ba4 20. Ba3 a5 21. Nc4 b6 22. Bxb4 axb4 23. Bd3 g5 24. Rb1 g4 25. Rxb4 Bd7 26. a4 h4 27. a5 bxa5 28. Nxa5 h3 29. Nb7 g3+ 30. hxg3 h2 31. Bf1 Nxd5 0-1

[Event "Bolzano op 15th"]
[Site "Bolzano"]
[Date "2000.07.22"]
[Round "9"]
[White "Ruzzier, Dario"]
[Black "Kowalczyk, Martin"]
[Result "1-0"]
[WhiteElo "2080"]
[BlackElo "2120"]
[PlyCount "61"]
[EventDate "2000.07.15"]
[EventType "swiss"]
[EventRounds "9"]
[EventCountry "ITA"]
[SourceTitle "CBM 077 Extra"]
[Source "ChessBase"]
[SourceDate "2000.09.14"]
[SourceVersion "1"]
[SourceVersionDate "2000.09.14"]
[SourceQuality "1"]

1. d4 Nf6 2. c4 c5 3. d5 e6 4. Nc3 exd5 5. cxd5 d6 6. e4 g6 7. f4 Bg7 8. Nf3 0-0 9. Be2 Re8 10. e5 dxe5 11. fxe5 Ng4 12. e6 fxe6 13. 0-0 exd5 14. Nxd5 Be6 15. Nf4 Qxd1 16. Rxd1 Bf7 17. Ng5 Bd4+ 18. Rxd4 cxd4 19. Bxg4 Nc6 20. Nfe6 h5 21. Bh3 Re7 22. Nxf7 Kxf7 23. Bg5 Rd7 24. Rf1+ Kg8 25. Nf8 Rd6 26. Be6+ Kg7 27. Rf7+ Kg8 28. Rd7+ Rxe6 29. Nxe6 Re8 30. Nxd4 Ne5 31. Re7 1-0

[Event "Bratto op 20th"]
[Site "Bratto"]
[Date "2000.??.??"]
[Round "3"]
[White "Murgia, Andrea"]
[Black "Ruzzier, Dario"]
[Result "1-0"]
[WhiteElo "2131"]
[BlackElo "2080"]
[PlyCount "115"]
[EventDate "2000.08.25"]
[EventType "swiss"]
[EventRounds "9"]
[EventCountry "ITA"]
[SourceTitle "CBM 077 Extra"]
[Source "ChessBase"]
[SourceDate "2000.09.14"]
[SourceVersion "1"]
[SourceVersionDate "2000.09.14"]
[SourceQuality "1"]

1. e4 e5 2. Nf3 Nc6 3. Bb5 a6 4. Ba4 Nf6 5. Qe2 d6 6. c3 Bg4 7. h3 Bh5 8. d3 Be7 9. Nbd2 b5 10. Bc2 d5 11. 0-0 0-0 12. Re1 d4 13. g4 Bg6 14. Nf1 h5 15. Nh4 dxc3 16. bxc3 b4 17. g5 Ne8 18. Nxg6 fxg6 19. Bb3+ Kh7 20. Bd5 Qd7 21. h4 bxc3 22. Be3 Rb8 23. Rab1 Rxb1 24. Rxb1 Nb4 25. Bb3 Qxd3 26. Qxd3 Nxd3 27. Rd1 Nc5 28. Bc2 Ne6 29. Rd5 Bd6 30. Ra5 Nd4 31. Bxd4 exd4 32. e5 Be7 33. Rxa6 Rf3 34. Bxg6+ Kg8 35. Kg2 Rf4 36. Ra8 Rf8 37. f4 c5 38. Bd3 Kf7 39. g6+ Ke6 40. Ra6+ Kd5 41. Kf3 Bxh4 42. Ra7 c4 43. Be4+ Kc5 44. Rb7 d3 45. Ne3 c2 46. Nxc2 dxc2 47. Bxc2 Kd4 48. a4 Be1 49. f5 Bc3 50. f6 Kxe5 51. f7 Nf6 52. a5 Kd6 53. a6 Kc6 54. Re7 Bb4 55. Re6+ Kd7 56. Rxf6 Kc7 57. Be4 Bc5 58. Rc6+ 1-0

[Event "Bratto op 20th"]
[Site "Bratto"]
[Date "2000.??.??"]
[Round "9"]
[White "Ruzzier, Dario"]
[Black "Rossi, Giampiero"]
[Result "1-0"]
[WhiteElo "2080"]
[BlackElo "2101"]
[PlyCount "71"]
[EventDate "2000.08.25"]
[EventType "swiss"]
[EventRounds "9"]
[EventCountry "ITA"]
[SourceTitle "EXT 2002"]
[Source "ChessBase"]
[SourceDate "2001.11.25"]
[SourceVersion "1"]
[SourceVersionDate "2001.11.25"]
[SourceQuality "1"]

1. d4 d5 2. c4 e6 3. Nc3 Nf6 4. Bg5 Nbd7 5. Nf3 c6 6. e3 Qa5 7. Nd2 Bb4 8. Qc2 0-0 9. Bh4 Re8 10. Be2 Ne4 11. Ndxe4 dxe4 12. 0-0 f5 13. c5 Bxc3 14. bxc3 b6 15. cxb6 axb6 16. f3 exf3 17. Bxf3 Bb7 18. e4 Qa4 19. Qb3 c5 20. Qxa4 Rxa4 21. Bd1 Ra3 22. exf5 exf5 23. Bb3+ Kh8 24. Rxf5 cxd4 25. cxd4 Re2 26. d5 g6 27. Rf7 Nc5 28. Raf1 Rxb3 29. Rxb7 Nxb7 30. axb3 Rd2 31. Rc1 Nc5 32. b4 Nd3 33. Bg5 Ra2 34. Rb1 b5 35. d6 Ra7 36. Rd1 1-0

[Event "Padova op-A 1st"]
[Site "Padova"]
[Date "1998.12.18"]
[Round "7"]
[White "Corvi, Marco"]
[Black "Ruzzier, Dario"]
[Result "1-0"]
[WhiteElo "2305"]
[BlackElo "2090"]
[PlyCount "97"]
[EventDate "1998.12.12"]
[EventType "swiss"]
[EventRounds "6"]
[EventCountry "ITA"]
[SourceTitle "EXT 2000"]
[Source "ChessBase"]
[SourceDate "1999.11.16"]
[SourceVersion "1"]
[SourceVersionDate "1999.11.16"]
[SourceQuality "1"]

1. c4 e6 2. Nf3 d5 3. b3 c5 4. Bb2 Nf6 5. e3 Nc6 6. Be2 Be7 7. 0-0 0-0 8. cxd5 exd5 9. d4 Re8 10. Nc3 a6 11. Rc1 cxd4 12. Nxd4 Ne5 13. Qc2 Bf8 14. Rfd1 Be6 15. Nf3 Bd6 16. Nxe5 Bxe5 17. Bf3 Qc7 18. Nxd5 Bxh2+ 19. Kh1 Bxd5 20. Qxc7 Bxc7 21. Rxc7 Bxf3 22. gxf3 b5 23. Bxf6 gxf6 24. Rdd7 Rf8 25. Ra7 Rac8 26. Rxa6 Rc2 27. Kg2 Kh8 28. f4 Kg7 29. Rd5 Rb8 30. Ra7 Rcc8 31. Rdd7 Rf8 32. b4 Rb6 33. Kf3 f5 34. Rac7 Kg6 35. Rc5 Ra8 36. Rdd5 Rxa2 37. Rxf5 Rb2 38. Rg5+ Kf6 39. Rh5 Kg7 40. Rhg5+ Kf6 41. Rcf5+ Ke6 42. Rxb5 Rxb4 43. Rxb6+ Rxb6 44. Rh5 Rb8 45. Rxh7 f5 46. Rh6+ Kf7 47. Ra6 Rb4 48. Kg3 Rb3 49. Kh4 1-0

[Event "Padova op-A 1st"]
[Site "Padova"]
[Date "1998.12.16"]
[Round "5"]
[White "Genocchio, Daniele"]
[Black "Ruzzier, Dario"]
[Result "1-0"]
[WhiteElo "2195"]
[BlackElo "2090"]
[PlyCount "67"]
[EventDate "1998.12.12"]
[EventType "swiss"]
[EventRounds "6"]
[EventCountry "ITA"]
[SourceTitle "EXT 2000"]
[Source "ChessBase"]
[SourceDate "1999.11.16"]
[SourceVersion "1"]
[SourceVersionDate "1999.11.16"]
[SourceQuality "1"]

1. Nf3 d5 2. c4 e6 3. b3 c5 4. g3 Nc6 5. Bg2 Nf6 6. 0-0 Be7 7. Nc3 0-0 8. e3 a6 9. Bb2 Re8 10. Qe2 Rb8 11. d4 dxc4 12. bxc4 b5 13. cxb5 axb5 14. Ne5 Nxe5 15. dxe5 Nd5 16. Nxd5 exd5 17. Rad1 Bb7 18. f4 Qa5 19. Ba1 Rbd8 20. f5 Bf8 21. Qg4 Qc7 22. e6 fxe6 23. fxe6 d4 24. Rf7 Re7 25. Bxb7 Qxb7 26. Rdf1 Qd5 27. Qf4 Ree8 28. exd4 cxd4 29. Ra7 Qxe6 30. Bxd4 Re7 31. Bc5 Rf7 32. Qxf7+ Qxf7 33. Raxf7 Bxc5+ 34. Kh1 1-0

[Event "Bozen op"]
[Site "Bozen"]
[Date "1998.06.16"]
[Round "5"]
[White "Di Lazzaro, Gabriele"]
[Black "Ruzzier, Dario"]
[Result "1-0"]
[WhiteElo "2030"]
[BlackElo "2095"]
[PlyCount "132"]
[EventDate "1998.06.13"]
[EventType "swiss"]
[EventRounds "9"]
[EventCountry "ITA"]
[SourceTitle "CBM 065 Extra"]
[Source "ChessBase"]
[SourceDate "1998.09.09"]
[SourceVersion "1"]
[SourceVersionDate "1998.09.09"]
[SourceQuality "1"]

1. e4 e5 2. d4 exd4 3. Qxd4 Nc6 4. Qe3 Nf6 5. Nc3 Bb4 6. Bd2 0-0 7. 0-0-0 Re8 8. Bc4 d6 9. f3 Be6 10. Bxe6 Rxe6 11. Nge2 Bc5 12. Qg5 Re5 13. Qg3 Na5 14. Nd5 Nxd5 15. Bxa5 Rg5 16. Qh3 Nb4 17. Bxb4 Bxb4 18. f4 Rg6 19. g4 Qe7 20. Qf3 Re8 21. Ng3 a5 22. Kb1 d5 23. Rxd5 Rb6 24. Rhd1 f6 25. Rd7 Qc5 26. Qb3+ Kh8 27. Qf7 Qf8 28. Qxf8+ Bxf8 29. Rxc7 Bd6 30. Rd7 Bxf4 31. Re7 Rg8 32. Nf5 Be5 33. b3 a4 34. Rdd7 axb3 35. cxb3 Rc6 36. h4 Rgc8 37. Rd1 Rc2 38. Re8+ Rxe8 39. Kxc2 h6 40. Nd4 Ra8 41. a4 Rc8+ 42. Kb2 Rd8 43. Kc3 Rc8+ 44. Kb4 Rd8 45. Kc5 Rc8+ 46. Kb6 Rd8 47. Kxb7 Rxd4 48. Rxd4 Bxd4 49. a5 h5 50. gxh5 g5 51. hxg5 fxg5 52. a6 g4 53. e5 g3 54. e6 Kg8 55. h6 g2 56. h7+ Kxh7 57. e7 g1Q 58. e8Q Qg7+ 59. Kc8 Qf6 60. Qd7+ Kg6 61. Qe8+ Kg7 62. Qb5 Bb6 63. Qd7+ Kf8 64. Kb7 Bd8 65. Qc6 Qe7+ 66. Kc8 Ba5 1-0

[Event "Arco op 20th"]
[Site "Arco"]
[Date "1998.??.??"]
[Round "6"]
[White "Blum, Gernot"]
[Black "Ruzzier, Dario"]
[Result "1-0"]
[WhiteElo "2135"]
[BlackElo "2095"]
[PlyCount "55"]
[EventDate "1998.10.??"]
[EventType "swiss"]
[EventRounds "9"]
[EventCountry "ITA"]
[SourceTitle "EXT 2000"]
[Source "ChessBase"]
[SourceDate "1999.11.16"]
[SourceVersion "1"]
[SourceVersionDate "1999.11.16"]
[SourceQuality "1"]

1. c4 e6 2. e4 d5 3. exd5 exd5 4. d4 Nf6 5. Nc3 Be7 6. Bg5 dxc4 7. Bxc4 0-0 8. Nf3 Nbd7 9. 0-0 Nb6 10. Bb3 c6 11. Ne5 Nbd5 12. Re1 Be6 13. Qf3 Qa5 14. Bc2 Bb4 15. Bxf6 Nxf6 16. Re3 Rad8 17. a3 Be7 18. Rd1 Rfe8 19. g4 Nd5 20. Bxh7+ Kxh7 21. Qe4+ Kg8 22. Rh3 Nf6 23. Ng6 Nh7 24. Rxh7 fxg6 25. Qxg6 Bf6 26. Ne4 Be5 27. Ng5 Bf6 28. Rh8+ 1-0

[Event "Bratto op 18th"]
[Site "Bratto"]
[Date "1998.??.??"]
[Round "?"]
[White "Cazzaniga, Walter"]
[Black "Ruzzier, Dario"]
[Result "1/2-1/2"]
[WhiteElo "2175"]
[BlackElo "2095"]
[PlyCount "74"]
[EventDate "1998.??.??"]
[EventType "swiss"]
[EventRounds "9"]
[EventCountry "ITA"]
[SourceTitle "EXT 2002"]
[Source "ChessBase"]
[SourceDate "2001.11.25"]
[SourceVersion "1"]
[SourceVersionDate "2001.11.25"]
[SourceQuality "1"]

1. d4 d5 2. c4 e6 3. Nc3 c5 4. cxd5 exd5 5. Nf3 Nc6 6. g3 Nf6 7. Bg2 Be7 8. 0-0 0-0 9. Bg5 cxd4 10. Nxd4 h6 11. Be3 Re8 12. Rc1 Bg4 13. h3 Bh5 14. Nf5 Bf8 15. g4 Bg6 16. Nxd5 Nxd5 17. Qxd5 Qf6 18. Qb5 Rab8 19. Bf4 Nd4 20. Nxd4 Qxf4 21. e3 Qf6 22. Rc7 a6 23. Qb3 Bd6 24. Rxb7 Rxb7 25. Bxb7 Rb8 26. Qd5 Qe7 27. Nc6 Qxb7 28. Qxd6 Re8 29. Ne5 Be4 30. f3 Qxb2 31. Nxf7 Bb7 32. Nd8 Rxe3 33. Ne6 Re2 34. Qf8+ Kh7 35. Qf5+ Kg8 36. Qf8+ Kh7 37. Qf5+ Kg8 1/2-1/2

[Event "Bratto op 18th"]
[Site "Bratto"]
[Date "1998.??.??"]
[Round "?"]
[White "Di Lazzaro, Gabriele"]
[Black "Ruzzier, Dario"]
[Result "0-1"]
[WhiteElo "2030"]
[BlackElo "2095"]
[PlyCount "90"]
[EventDate "1998.??.??"]
[EventType "swiss"]
[EventRounds "9"]
[EventCountry "ITA"]
[SourceTitle "EXT 2000"]
[Source "ChessBase"]
[SourceDate "1999.11.16"]
[SourceVersion "1"]
[SourceVersionDate "1999.11.16"]
[SourceQuality "1"]

1. e4 e5 2. d4 exd4 3. Qxd4 Nc6 4. Qe3 Nf6 5. Nc3 Bb4 6. Bd2 0-0 7. 0-0-0 Re8 8. Bc4 d6 9. f3 Be6 10. Bxe6 Rxe6 11. Nge2 d5 12. Nf4 d4 13. Nxe6 dxe3 14. Nxd8 exd2+ 15. Rxd2 Rxd8 16. Rxd8+ Nxd8 17. Nb5 Ne6 18. Nxa7 c6 19. c3 Bc5 20. Nc8 g5 21. Rd1 Nf4 22. Nd6 Nxg2 23. Nxb7 Be3+ 24. Kc2 Bf4 25. Rd8+ Kg7 26. h3 Ne1+ 27. Kd1 Nxf3 28. Nd6 Bxd6 29. Rxd6 Ne5 30. Rd4 c5 31. Ra4 h5 32. Ke2 g4 33. hxg4 hxg4 34. Kf2 c4 35. Kg2 Nxe4 36. Rb4 f5 37. Rb7+ Kg6 38. a4 f4 39. a5 f3+ 40. Kf1 Nd3 41. Rb6+ Kg5 42. Rb5+ Kh4 43. Rf5 Ng3+ 44. Kg1 Nxf5 45. a6 f2+ 0-1

[Event "Bratto op 18th"]
[Site "Bratto"]
[Date "1998.??.??"]
[Round "?"]
[White "Ruzzier, Dario"]
[Black "Vancini, Edoardo"]
[Result "0-1"]
[WhiteElo "2095"]
[BlackElo "2270"]
[PlyCount "48"]
[EventDate "1998.??.??"]
[EventType "swiss"]
[EventRounds "9"]
[EventCountry "ITA"]
[SourceTitle "EXT 2000"]
[Source "ChessBase"]
[SourceDate "1999.11.16"]
[SourceVersion "1"]
[SourceVersionDate "1999.11.16"]
[SourceQuality "1"]

1. d4 Nf6 2. c4 Nc6 3. Nf3 e6 4. Nc3 Bb4 5. e3 0-0 6. Bd3 Bxc3+ 7. bxc3 Qe7 8. e4 e5 9. 0-0 h6 10. Qc2 d6 11. h3 Nh5 12. Be3 Qf6 13. Rae1 Bxh3 14. d5 Ne7 15. Nxe5 Bxg2 16. Ng4 Qf3 17. Nh2 Qh3 18. Bd4 Nf4 19. f3 Bxf1 20. Rxf1 Neg6 21. Be3 Rae8 22. Qd2 Nxd3 23. Qxd3 f5 24. exf5 Rxf5 0-1

[Event "Trieste op"]
[Site "Trieste"]
[Date "1997.??.??"]
[Round "3"]
[White "Ruzzier, Dario"]
[Black "Quercioli, Riccardo"]
[Result "1-0"]
[WhiteElo "2010"]
[BlackElo "1630"]
[PlyCount "53"]
[EventDate "1997.??.??"]
[EventType "swiss"]
[EventRounds "8"]
[EventCountry "ITA"]
[SourceTitle "EXT 2005"]
[Source "ChessBase"]
[SourceDate "2004.11.15"]
[SourceVersion "1"]
[SourceVersionDate "2004.11.15"]
[SourceQuality "1"]

1. d4 d5 2. c4 e6 3. Nc3 c5 4. cxd5 cxd4 5. Qxd4 Nc6 6. Qa4 exd5 7. Nf3 Bb4 8. Bd2 Be6 9. Nd4 Nge7 10. a3 Bc5 11. Nxe6 fxe6 12. Qg4 Nd4 13. 0-0-0 Qb6 14. Bg5 Nef5 15. e3 Bxa3 16. Bb5+ Nxb5 17. Qa4 Rc8 18. Kb1 Rxc3 19. bxc3 0-0 20. Ka1 Rc8 21. Rb1 a6 22. Qxa3 Rc4 23. Rhc1 Qc6 24. Qa5 Nxc3 25. Rb4 Rc5 26. Qb6 Qd6 27. g4 1-0

[Event "Trieste op"]
[Site "Trieste"]
[Date "1997.??.??"]
[Round "7"]
[White "Ruzzier, Dario"]
[Black "Solinas, Carlo"]
[Result "1/2-1/2"]
[WhiteElo "2010"]
[BlackElo "1840"]
[PlyCount "112"]
[EventDate "1997.??.??"]
[EventType "swiss"]
[EventRounds "8"]
[EventCountry "ITA"]
[SourceTitle "EXT 2005"]
[Source "ChessBase"]
[SourceDate "2004.11.15"]
[SourceVersion "1"]
[SourceVersionDate "2004.11.15"]
[SourceQuality "1"]

1. d4 Nf6 2. c4 g6 3. Nc3 Bg7 4. e4 d6 5. f3 0-0 6. Be3 Nc6 7. Nge2 a6 8. Qd2 Rb8 9. Bh6 b5 10. Bxg7 Kxg7 11. Nc1 bxc4 12. Bxc4 e5 13. d5 Nd4 14. Nb3 Nxb3 15. Bxb3 Nh5 16. 0-0-0 Bd7 17. g4 Nf4 18. h4 a5 19. Ba4 Bxa4 20. Nxa4 Rb4 21. b3 Qd7 22. Rh2 Rfb8 23. Qc3 Qb5 24. Qc2 h6 25. Nb2 Qb6 26. Nc4 Qc5 27. Re1 a4 28. Nb2 axb3 29. axb3 Qa5 30. Re3 Qa1+ 31. Kd2 Rd4+ 32. Nd3 Qg1 33. Rhe2 Nxe2 34. Rxe2 Qf1 35. Qxc7 Ra8 36. Ke3 Ra2 37. Nc1 Rxe2+ 38. Nxe2 Qd1 39. Qc3 f6 40. Nxd4 exd4+ 41. Qxd4 Qxb3+ 42. Kf4 g5+ 43. hxg5 hxg5+ 44. Kg3 Qb1 45. Qa7+ Kg6 46. Kg2 Qd3 47. Qb6 Qd2+ 48. Qf2 Qd3 49. Qb2 Kg7 50. Kf2 Kg6 51. Qe2 Qd4+ 52. Kg2 Kg7 53. Qc2 Qe3 54. Qc7+ Kg6 55. Qxd6 Qe2+ 56. Kg3 Qe1+ 1/2-1/2

[Event "Trieste op"]
[Site "Trieste"]
[Date "1997.??.??"]
[Round "6"]
[White "Visintin, Roberto"]
[Black "Ruzzier, Dario"]
[Result "1-0"]
[WhiteElo "1835"]
[BlackElo "2010"]
[PlyCount "79"]
[EventDate "1997.??.??"]
[EventType "swiss"]
[EventRounds "8"]
[EventCountry "ITA"]
[SourceTitle "EXT 2005"]
[Source "ChessBase"]
[SourceDate "2004.11.15"]
[SourceVersion "1"]
[SourceVersionDate "2004.11.15"]
[SourceQuality "1"]

1. e4 e5 2. Nf3 Nc6 3. Bc4 Bc5 4. d3 Nf6 5. c3 d5 6. exd5 Nxd5 7. Qb3 0-0 8. Bxd5 Na5 9. Qd1 Qxd5 10. b4 e4 11. dxe4 Qxe4+ 12. Qe2 Qg6 13. bxc5 Be6 14. Ne5 Qxg2 15. Qf3 Qxf3 16. Nxf3 Bd5 17. Nbd2 Rfe8+ 18. Kf1 Nc4 19. Rg1 Rad8 20. Nd4 Ne5 21. Rg3 h5 22. h3 Ng6 23. N2f3 h4 24. Rg4 Bc4+ 25. Kg1 Be2 26. Be3 Rxd4 27. Nxd4 Bxg4 28. hxg4 Re4 29. g5 Ne5 30. Kg2 Nc4 31. Kf3 Re7 32. Rh1 Ne5+ 33. Ke2 Ng6 34. Nf5 Re4 35. f3 Ra4 36. Bd4 Rxa2+ 37. Ke3 Rg2 38. Nxh4 Nxh4 39. Rxh4 Rxg5 40. Rg4 1-0